Statistics for Things that are "Blue"

Click here to take the quiz!

General Stats

  • This quiz has been taken 48 times
  • The average score is 6 of 15

Answer Stats

HintAnswer% Correct
Dairy product innoculated with mould, like Stilton.Blue cheese
100%
Allegedly held in the veins of aristocratic families.Blue blood
91%
Someone with a manual, not clerical job.Blue collar
86%
A company that's considered reliable on the stock market.Blue chip
41%
In The Matrix, take this to remain in blissful ignorance.Blue pill
41%
If you have white hair, this treatment will cover up any yellow tones.Blue rinse
41%
1983 song by New Order, the best selling 12" single ever.Blue Monday
39%
Cry this in terror or alarm.Blue murder
39%
You saw me standing alone (although you'd think very rarely).Blue Moon
27%
Highly regarded person, treated as a favourite.Blue-eyed boy
20%
Blue-purple fluorite mineral mined in Derbyshire, England, used decoratively.Blue John
18%
An official government report, or a reference work.Blue book
16%
A woman with literary or intellectual leanings (outrageous).Blue stocking
11%
An Australian species of lizard or skink.Blue tongued
11%
Research that doesn't have a commercial goal (though it might in future).Blue sky
9%

Score Distribution

Percentile by Number Answered

Percent of People with Each Score

Your Score History

You have not taken this quiz